| 000 | 01201aab a2200229 i 4500 | ||
|---|---|---|---|
| 001 | 768714001 | ||
| 003 | CO-MdFUSB | ||
| 005 | 20240711124333.0 | ||
| 008 | 240711t2001 sz ||||| |||| 00| 0 eng d | ||
| 040 |
_cCO-MdFUSB _bspa |
||
| 041 | _aeng | ||
| 100 | 1 |
_aIzarra de Torres, Thania _eautor |
|
| 245 |
_aLife in fullness in Latin America _c/ Thania Izarra de Torres |
||
| 520 | _aEl compromiso es construir redes de apoyo que promuevan el pleno desarrollo de la vida. Para empezar, se puede lograr un cambio real examinando nuestro verdadero yo e identificando los factores que causan distracciones en nuestra rutina diaria. y en nuestros hogares, iglesias y comunidades. Es sorprendente que Dios nos hable a través de niños y jóvenes Entonces todos participamos juntos, integrando nuestras diferentes perspectivas de la vida para lograr la vida al máximo. | ||
| 546 | _aTexto en inglés. | ||
| 650 | 7 |
_aTeología pastoral y unidad cristiana _97183 |
|
| 650 | 7 |
_aDios _9178 |
|
| 650 | 0 |
_aVida cristiana _919 |
|
| 773 | 0 |
_tReformed World _049396 _959517 _gVolumen 51, (número 2, 2001) páginas: 68 - 74 _qpágina: 68 |
|
| 942 | _cANA | ||
| 945 | _aCatherine Arias Álvarez - Practicante SENA | ||
| 999 |
_c55595 _d55595 |
||